Ocal Amerykanów odgadując stany USA - Statystyki

Ogólne statystyki
  • Ten quiz został rozwiązany 32 052 razy
    31 989 od ostatniego zresetowania
  • Średni wynik to 112 z 330
Odpowiedzi na mapie
Odpowiedzi zakodowano w zielono-czerwonej skali na mapie do tego quizu, zgodnie z poniższymi procentami.
 
Statystyki odpowiedzi
Population State % Poprawnych
39,512,223 Kalifornia
75%
19,453,561 Nowy Jork
70%
28,995,881 Teksas
70%
7,614,893 Waszyngton
54%
21,477,737 Floryda
50%
731,545 Alaska
43%
11,689,100 Ohio
36%
7,278,717 Arizona
30%
3,080,156 Nevada
28%
4,903,185 Alabama
26%
2,096,829 Nowy Meksyk
26%
1,415,872 Hawaje
24%
10,488,084 Karolina Północna
20%
5,758,736 Kolorado
20%
4,217,737 Oregon
20%
8,882,190 New Jersey
18%
3,205,958 Utah
18%
12,671,821 Illinois
17%
10,617,423 Georgia
16%
1,787,065 Idaho
16%
12,801,989 Pennsylwania
16%
5,148,714 Karolina Południowa
15%
9,986,857 Michigan
15%
1,068,778 Montana
15%
3,017,825 Arkansas
14%
2,976,149 Mississippi
14%
762,062 Dakota Północna
13%
2,913,314 Kansas
13%
1,344,212 Maine
13%
4,467,673 Kentucky
12%
3,956,971 Oklahoma
12%
8,535,519 Wirginia
12%
884,659 Dakota Południowa
11%
6,732,219 Indiana
11%
3,155,070 Iowa
11%
4,648,794 Luizjana
11%
1,934,408 Nebraska
11%
5,639,632 Minnesota
10%
6,137,428 Missouri
9%
578,759 Wyoming
9%
6,045,680 Maryland
7%
6,949,503 Massachusetts
7%
5,822,434 Wisconsin
7%
973,764 Delaware
6%
1,059,361 Rhode Island
6%
6,833,174 Tennessee
6%
623,989 Vermont
6%
3,565,287 Connecticut
5%
1,359,711 New Hampshire
5%
1,792,147 Wirginia Zachodnia
3%
Nie znaleziono quizów pasujących do podanych kryteriów
Rozkład punktacji
Procent ludzi z każdym wynikiem
Percentyl według liczby udzielonych odpowiedzi
Twoja historia wyników
Nie rozwiązałeś tego quizu od ostatniego zresetowania